000 00950nam a22003017a 4500
003 CHAP
005 20220329143450.0
008 091112s2008 mx r 00010 spa d
010 _a97060
011 _a98032
020 _a9789708260602
035 _a108707
040 _cCHAP
082 0 4 _a863
_bIn31
100 1 _aInfante, Juan Manuel
_958058
245 1 3 _aEl conde Lucanor
_c/por Infante Juan Manuel
260 _aToluca, Méx. :
_bGobierno del Estado de México,
_c2008
300 _a189 p.
490 0 _aBiblioteca Mexiquense del Bicentenario.
_pEspiral de Babel
590 _aBATCH-UPD
_b10
_c20130110
_lUCH01
_h1240
590 _aCONVERSION
_b10
_c20130109
_lUCH01
_h1354
650 1 4 _aCuentos.
_930096
650 1 4 _aLiteratura.
_967113
830 0 _aBiblioteca Mexiquense del Bicentenario.
_pEspiral de Babel
_912432
901 _aBK
942 _cLIBRO
949 _a863 In31
_bBC
_cLIBRO
_d33724002103314
_eLIBRO
_gI.c/e
_h111339
_i108707
_sb
999 _c97060
_d97060